| 000 | 00455nam a2200181Ia 4500 | ||
|---|---|---|---|
| 005 | 20250423100553.0 | ||
| 008 | 250422s9999 xx 000 0 und d | ||
| 020 | _a9789789297016 | ||
| 050 | _aPR 9387 .U34/ | ||
| 100 | _aUdechukwu Amaefuna C. | ||
| 245 | 0 | _aPoultry events: the amazing story of a macho king | |
| 260 | _aAba/Abia-State | ||
| 260 | _bHoplite Farms | ||
| 260 | _c2015 | ||
| 300 | _a124 p | ||
| 650 | _aPoultry Events | ||
| 942 | _cBK | ||
| 999 |
_c33708 _d33708 |
||